000 00858nam a2200253Ia 4500
003 OSt
005 20221005112559.0
006 a|||||r|||| 00| 0
007 ta
008 221004b |||||||| |||| 00| 0 pan d
020 _a9789383391981 (hbk)
_cINR 250.00
024 _a44970
037 _b1068, 22/02/2019, H.K. Prakashan
_cTextual
040 _aCRL
_cCRL
_bpan
041 _2pan
_apan
082 _aO153,1NGUx, Q8
100 _aਗੁਰਚਰਨ, ਂਚ.
245 0 _aਆਪੋ-ਆਪਣਾ ਅੰਬਰ
260 _aਚੰਡੀਗੜ੍ਹ
_bਲੋਕਗੀਤ ਪ੍ਰਕਾFਨ ਭਾਰਤ
_c2018
300 _a104ਪ੍ਰ0
_ccm.
650 _aਪੰਜਾਬੀ ਸਾਹਿਤ
942 _hO153,1NGUx, Q8
_cTEXL
_2cc
999 _c1025317
_d1025317